the desert Fayum reinvestigated : /

محفوظ في:

المؤلف الرئيسي: Holdaway, Simon

التنسيق: كتاب

اللغة: Undetermined

منشور في: Los Angeles : UCLA Cotsen Institute of Archaeology Press, 2017.

سلاسل: Monumenta archaeologica (Los Angeles, Calif.); v. 39

الموضوعات:

الوسوم: إضافة وسم

لا توجد وسوم, كن أول من يضع وسما على هذه التسجيلة!

رقم الطلب: GN776.42 .E3 H65

LEADER 00791nam a2200193Ia 4500
008 220401s9999||||xx |||||||||||||| ||und||
020 |a 9781938770098 
050 4 |a GN776.42 .E3 H65 
100 1 |a Holdaway, Simon 
245 1 4 |a the desert Fayum reinvestigated :  |b  /  |c Simon Holdaway. 
264 1 |a Los Angeles :  |b UCLA Cotsen Institute of Archaeology Press,  |c 2017. 
300 |a xvii, 262p. :  |b illus. ;  |c 29cm. 
490 0 |a Monumenta archaeologica (Los Angeles, Calif.); v. 39 
500 |a includes bibliographical references and index. 
650 1 4 |a Fayyum (Egypt) Antiquities. 
650 1 4 |a Paleogeography Holocene. 
942 |2 lcc  |c BK 
952 |0 0  |1 0  |2 lcc  |4 0  |6 GN077642 E3 H65  |7 1  |9 39321  |a ARCE  |b ARCE  |d 2022-04-01  |l 0  |o GN776.42 .E3 H65  |p 1005255  |r 2022-04-01 00:00:00  |w 2022-04-01  |y BK 
999 |c 46902  |d 46902